Central Library OPAC University of Rajshahi

The Question of Cultural Representation in the Bengali Diaspora Writing : (Record no. 81856)

MARC details
000 -LEADER
fixed length control field 00975nam a2200241 a 4500
001 - CONTROL NUMBER
RUCL Control Number 81856
003 - CONTROL NUMBER IDENTIFIER
rucl marc code BD-RjUL
005 - DATE AND TIME OF LATEST TRANSACTION
control field 20240114104805.0
008 - FIXED-LENGTH DATA ELEMENTS--GENERAL INFORMATION
fixed length control field 230905s2021 bg ||||| m||| 00| 0 eng d
035 ## - SYSTEM CONTROL NUMBER
system control number (BD-RjUL)81856
040 ## - CATALOGING SOURCE
Original cataloging agency BD-RjUL
Language of cataloging eng
Transcribing agency BD-RjUL
Modifying agency BD-RjUL
041 ## - LANGUAGE CODE
Language code of Book eng
082 ## - DEWEY DECIMAL CLASSIFICATION NUMBER
DDC Edition number 23
Author mark and Year MOT 2021
Classification number 324.63
100 ## - MAIN ENTRY--PERSONAL NAME
Personal name Moeed, Sanjida
9 (RLIN) 8805
245 10 - TITLE STATEMENT
Title The Question of Cultural Representation in the Bengali Diaspora Writing :
Remainder of title An Exploration into the "Home Narratives" From Bharati Mukherjee and Jhumpa Lahiri /
Statement of responsibility, etc By Sanjida Moeed ;
Name of Supervisor/Co-Supervisor Supervisor : A F M Maswood Akhter.
260 ## - PUBLICATION, DISTRIBUTION, ETC. (IMPRINT)
Place of publication, distribution, etc Rajshai :
Name of publisher, distributor, etc Department of English, University of Rajshahi,
Date of publication, distribution, etc 2021.
300 ## - PHYSICAL DESCRIPTION
Pagination vii, 288 Leaves ;
Dimensions 29 cm.
502 ## - DISSERTATION NOTE
Dissertation note Thesis (Ph. D.) -- Department of English, University of Rajshahi, 2021
504 ## - BIBLIOGRAPHY, ETC. NOTE
Bibliography, etc Works Cited : Leaves [269]-288
650 ## - SUBJECT ADDED ENTRY--TOPICAL TERM
Topical term or geographic name as entry element Representation
Form subdivision Electoral Systems
9 (RLIN) 8806
700 ## - ADDED ENTRY--SUPERVISOR/CO-SUPERVISOR NAME
Personal name Akhter, A F M Maswood, Supervisor
9 (RLIN) 4649
942 ## - ADDED ENTRY ELEMENTS (KOHA)
Source of classification or shelving scheme Dewey Decimal Classification
Koha item type Theses
Holdings
Source of classification or shelving scheme Damaged status Not for loan Collection code Permanent Location Current Location Shelving location Date of accession Source of acquisition Full call number Barcode Date last seen Copy number Thesis
Dewey Decimal Classification   Not For Loan Theses Central Library, University of Rajshahi Central Library, University of Rajshahi Documentation Section 09/08/2023 Controller of Exam. R. U. THE 324.63 MOT 2021 D4855 05/09/2023 C-1 Theses